| 000 | 00509nam a2200217Ia 4500 | ||
|---|---|---|---|
| 008 | 210210b2011 xxu||||| |||| 00| 0 eng d | ||
| 020 | _a9788131604038 | ||
| 041 | _aeng | ||
| 082 | _a307.76 DIKU | ||
| 100 | _aDIKSHIT (Jutta K) Ed | ||
| 245 | _aUrban fringe of Indian cities | ||
| 260 |
_aJaipur _bRawat Publications _c2011 |
||
| 300 | _axxiv,279 | ||
| 650 | _aUrban | ||
| 650 | _aof | ||
| 650 | _aIndian | ||
| 650 | _afringe | ||
| 650 | _acities | ||
| 690 | _aUrban Sociology | ||
| 906 | _a066088 | ||
| 999 |
_c146903 _d146903 |
||